MARC

LEADER 00000nam0a2200000 4500
001 337273
005 20231102004932.0
035 |a (RuTPU)RU\TPU\book\363741 
035 |a RU\TPU\book\363737 
090 |a 337273 
100 |a 20171102d1980 k y0rusy50 ca 
101 0 |a rus 
102 |a RU 
105 |a a z 001zy 
200 1 |a Исследование процессов обработки цветных металлов давлением  |e сборник научных трудов  |f Государственный научно-исследовательский, проектный и конструкторский институт сплавов и обработки цветных металлов (Гипроцветметобработка) ; под ред. Ю. Ф. Шевакина 
210 |a Москва  |c Металлургия  |d 1980 
215 |a 83 с.  |c ил. 
225 1 |a Труды Государственного научно-исследовательского, проектного и конструкторского института сплавов и обработки цветных металлов (Гипроцветметобработка)  |v Вып. 62 
320 |a Библиография в конце статей 
606 1 |a Цветные металлы  |x Обработка давлением  |x Техническое нормирование  |2 stltpush  |3 (RuTPU)RU\TPU\subj\17863  |9 43423 
610 1 |a фольга 
610 1 |a трубы 
610 1 |a сплавы 
610 1 |a прессовый инструмент 
610 1 |a материалы 
610 1 |a конструкция 
610 1 |a технологии 
610 1 |a планирование 
610 1 |a волочение 
610 1 |a оправки 
610 1 |a оправочные станы 
610 1 |a прутки 
675 |a 669.2:621.73  |v 4 
702 1 |a Шевакин  |b Ю. Ф.  |4 340 
712 0 2 |a Государственный научно-исследовательский, проектный и конструкторский институт сплавов и обработки цветных металлов (Гипроцветметобработка)  |c (Москва)  |2 stltpush  |3 (RuTPU)RU\TPU\col\15724 
801 1 |a RU  |b 63413507  |c 20171010 
801 2 |a RU  |b 63413507  |c 20171102  |g RCR 
942 |c BK